000 00387nam a2200145Ia 4500
008 200619s9999 xx 000 0 und d
020 _a8189524340
082 _a342.085BOB
100 _aClifford Bob
245 0 _aDalit Rights are Human Rights
264 _aNew Delhi
_bCritical Quest
_c2008
300 _a32
942 _cIR
999 _c119647
_d119647